<?xml version="1.0" encoding="UTF-8"?>
<record
    xmlns:xsi="http://www.w3.org/2001/XMLSchema-instance"
    xsi:schemaLocation="http://www.loc.gov/MARC21/slim http://www.loc.gov/standards/marcxml/schema/MARC21slim.xsd"
    xmlns="http://www.loc.gov/MARC21/slim">

  <leader>00605nam a2200217Ia 4500</leader>
  <controlfield tag="001">3158</controlfield>
  <controlfield tag="003">GE_BSU</controlfield>
  <controlfield tag="008">181216s||||||||xx |||||||||||||| ||und||</controlfield>
  <datafield tag="020" ind1=" " ind2=" ">
    <subfield code="a">5774900533</subfield>
  </datafield>
  <datafield tag="040" ind1=" " ind2=" ">
    <subfield code="c">GE_BSU</subfield>
  </datafield>
  <datafield tag="080" ind1=" " ind2=" ">
    <subfield code="a">330.43(075.8)</subfield>
  </datafield>
  <datafield tag="100" ind1=" " ind2=" ">
    <subfield code="a">&#x41C;&#x430;&#x433;&#x43D;&#x443;&#x441;, &#x42F;.&#x420;.  &#x41F;.&#x41A;. &#x41A;&#x430;&#x442;&#x44B;&#x448;&#x435;&#x432;, &#x410;.&#x410;.  &#x41F;&#x435;&#x440;&#x435;&#x441;&#x435;&#x446;&#x43A;&#x438;&#x439;.</subfield>
  </datafield>
  <datafield tag="245" ind1=" " ind2=" ">
    <subfield code="a">&#x42D;&#x43A;&#x43E;&#x43D;&#x43E;&#x43C;&#x435;&#x442;&#x440;&#x438;&#x43A;&#x430; &#x43D;&#x430;&#x447;&#x430;&#x43B;&#x44C;&#x43D;&#x44B;&#x439;  &#x43A;&#x443;&#x440;&#x441;</subfield>
  </datafield>
  <datafield tag="260" ind1=" " ind2=" ">
    <subfield code="a">&#x41C;&#x43E;&#x441;&#x43A;&#x432;&#x430;</subfield>
  </datafield>
  <datafield tag="260" ind1=" " ind2=" ">
    <subfield code="b">&#x414;&#x435;&#x43B;&#x43E;</subfield>
  </datafield>
  <datafield tag="260" ind1=" " ind2=" ">
    <subfield code="c">1997</subfield>
  </datafield>
  <datafield tag="300" ind1=" " ind2=" ">
    <subfield code="a">248 &#x441;&#x442;.</subfield>
  </datafield>
  <datafield tag="541" ind1=" " ind2=" ">
    <subfield code="h">11 &#x41B;. 10 &#x422;.</subfield>
  </datafield>
  <datafield tag="653" ind1=" " ind2=" ">
    <subfield code="a">&#x42D;&#x43A;&#x43E;&#x43D;&#x43E;&#x43C;&#x435;&#x442;&#x440;&#x438;&#x43A;&#x430; &#x43D;&#x430;&#x447;&#x430;&#x43B;&#x44C;&#x43D;&#x44B;&#x439;  &#x43A;&#x443;&#x440;&#x441;</subfield>
  </datafield>
  <datafield tag="942" ind1=" " ind2=" ">
    <subfield code="c">BK</subfield>
  </datafield>
  <datafield tag="999" ind1=" " ind2=" ">
    <subfield code="c">37201</subfield>
    <subfield code="d">37201</subfield>
  </datafield>
  <datafield tag="952" ind1=" " ind2=" ">
    <subfield code="0">0</subfield>
    <subfield code="1">0</subfield>
    <subfield code="4">0</subfield>
    <subfield code="7">0</subfield>
    <subfield code="9">36995</subfield>
    <subfield code="d">2018-12-17</subfield>
    <subfield code="p">7793</subfield>
    <subfield code="r">2018-12-17</subfield>
    <subfield code="w">2018-12-17</subfield>
    <subfield code="y">BK</subfield>
    <subfield code="z">&#x10D3;&#x10D0;&#x10E0;&#x10D1;&#x10D0;&#x10D6;&#x10D8;</subfield>
  </datafield>
  <datafield tag="952" ind1=" " ind2=" ">
    <subfield code="0">0</subfield>
    <subfield code="1">0</subfield>
    <subfield code="4">0</subfield>
    <subfield code="7">0</subfield>
    <subfield code="9">36996</subfield>
    <subfield code="d">2018-12-17</subfield>
    <subfield code="p">8148</subfield>
    <subfield code="r">2018-12-17</subfield>
    <subfield code="w">2018-12-17</subfield>
    <subfield code="y">BK</subfield>
    <subfield code="z">&#x10D3;&#x10D0;&#x10E0;&#x10D1;&#x10D0;&#x10D6;&#x10D8;</subfield>
  </datafield>
  <datafield tag="952" ind1=" " ind2=" ">
    <subfield code="0">0</subfield>
    <subfield code="1">0</subfield>
    <subfield code="4">0</subfield>
    <subfield code="7">0</subfield>
    <subfield code="9">36997</subfield>
    <subfield code="d">2018-12-17</subfield>
    <subfield code="p">8149</subfield>
    <subfield code="r">2018-12-17</subfield>
    <subfield code="w">2018-12-17</subfield>
    <subfield code="y">BK</subfield>
    <subfield code="z">&#x10D3;&#x10D0;&#x10E0;&#x10D1;&#x10D0;&#x10D6;&#x10D8;</subfield>
  </datafield>
  <datafield tag="952" ind1=" " ind2=" ">
    <subfield code="0">0</subfield>
    <subfield code="1">0</subfield>
    <subfield code="4">0</subfield>
    <subfield code="7">0</subfield>
    <subfield code="9">36998</subfield>
    <subfield code="d">2018-12-17</subfield>
    <subfield code="p">8150</subfield>
    <subfield code="r">2018-12-17</subfield>
    <subfield code="w">2018-12-17</subfield>
    <subfield code="y">BK</subfield>
    <subfield code="z">&#x10D3;&#x10D0;&#x10E0;&#x10D1;&#x10D0;&#x10D6;&#x10D8;</subfield>
  </datafield>
</record>
